000 00334nam a2200133Ia 4500
008 220216s9999 xx 000 0 und d
100 _aSmee A R
245 0 _aPneumatic tyres for pier and dockside fenders
260 _bRubber Developments
_c1962
300 _a28-30
650 _aFenders
650 _aPneumatic tyres
942 _cJS
999 _c65202
_d65202